000 00301nam a2200109Ia 4500
008 160531s9999 xx 000 0 und d
100 _aVink, Jacco.
245 _aSupernova Remnants: The X-ray Perspective
245 _cby Jacco Vink
260 _c2011
856 _uhttp://arxiv.org/pdf/1112.0576v2.pdf
999 _c295184
_d295184